000 00892nam a2200289Ia 4500
001 Para_8008
003 CHAP
008 220125s1921 xx 000 0 und d
010 _a206937
040 _cCHAP
082 _aPA-C 595.75 H4
100 _aGarman, Philip
_946906
245 _aThe grass-feeding frog-hopper or spittlebug /
_c by Philip Garman
260 _aNew Haven, Conn :
_b Agricultural Experiment Station, 1921
300 _a327-334 p.
440 _aHemiptera; 11
_9173293
500 _aEncuadernado con otros impresos similares
650 _aHemípteros
_x colecciones de escritos / Cercopidae
_9173338
710 _aConnectict. Agr. Exp. Sta. Bulletin; 230
_9173339
901 _aPA-C 595.75 H4
902 _aA
905 _a0000001921 0000000000 00
910 _a1921
942 _cPARA
942 _cPARA
_d1
999 _c206937
_d206937